Verschillende soorten jobkanalen - Statistieken

Algemene statistieken
  • Deze quiz is 20 keer genomen
  • De gemiddelde score is 8 van 13
Antwoordstatistieken
Antwoord % Correct
Jobbeurzen
100%
Vakbladen
100%
Campus recruitment
75%
Sollicitatievideo's
75%
VDAB
75%
Kranten en tijdschriften
50%
Persoonlijke contacten
50%
Selectiekantoren
50%
Solliciteren via website
50%
Uitzendkantoren
50%
Jobaanbiedingen via radio en tv
25%
Jobdienst school
25%
Solliciteren via website van bedrijven
25%
Geen overeenkomende quizzen gevonden
Scoreverdeling
Procent van Mensen met Elke Score
Percentiel versus Aantal Correcte Antwoorden
Uw Scoregeschiedenis
U heeft deze quiz nog niet genomen